Financial Accounting : Fundamentals, Analysis and Reporting  

Guardat en:
Dades bibliogràfiques
Autor principal: Arora
Format: Llibre
Publicat: Wiley India
Etiquetes: Afegir etiqueta
Sense etiquetes, Sigues el primer a etiquetar aquest registre!

MARC

LEADER 00000nam a2200000Ia 4500
005 20260513122051.0
020 |a 9788126575701 
100 |a Arora 
365 |c Rs. 
365 |b 20.00 
942 |c BK 
245 |a Financial Accounting : Fundamentals, Analysis and Reporting   
260 |b Wiley India 
999 |c 57  |d 57 
952 |0 0  |1 0  |4 0  |7 0  |a UNSW  |b UNSW  |d 2026-05-06  |g 925.00  |i 16681  |l 0  |p 000065  |r 2026-05-13 12:20:51  |v 925.00  |w 2026-05-13  |y BK